| 000 | 00475nam a2200181Ia 4500 | ||
|---|---|---|---|
| 005 | 20250423095558.0 | ||
| 008 | 250422s9999 xx 000 0 und d | ||
| 020 | _a0192630709 | ||
| 050 | _aRD 98 .L43/ | ||
| 100 | _aLeaper, David J. | ||
| 245 | 0 | _aHandbook of postoperative complications | |
| 260 | _aOxford | ||
| 260 | _bOxford University Press | ||
| 260 | _c2003 | ||
| 300 | _a524 p | ||
| 650 | _aSURGERY - COMPLICATIONS - HANDBOOKS, MANUALS, ETC | ||
| 942 | _cBK | ||
| 999 |
_c30701 _d30701 |
||